Salvato in:
Dettagli Bibliografici
Autore principale: Pagáč, Tomáš
Natura: Libro
Lingua:slovacco
Pubblicazione: Bratislava STU FCHPT 2014
Accesso online:Visualizza in OPAC
Tags: Aggiungi Tag
Nessun Tag, puoi essere il primo ad aggiungerne!!

MARC

LEADER 00000nam a2200000 a 4500
005 20260127134302.0
008 140619 2014 000 0 slo d
035 |a vtls010604773 
039 9 |y 201406191129  |z mschk03 
040 |a STUSCHK1  |b slo  |c STUSCHK1  |e AACR2 
100 1 |a Pagáč, Tomáš 
260 |a Bratislava  |b STU FCHPT  |c 2014 
300 |a 72 s.  |b il.  |c 30 cm 
500 |a Obhájené: 10.6.2014 
500 |a Štud. program: biotechnológia 
500 |a Štud. odbor: biotechnológie 
500 |a Škol. pracovisko: Odd. biochémie a mikrobiológie 
500 |a Evid. číslo: FCHP-5421-69412 
910 |a SCHK95 
999 |c 8798  |d 8798